First U.S States - Statistics

General Stats
  • This quiz has been taken 57 times
  • The average score is 8 of 10
Answer Stats
Hint Answer % Correct
June 25, 1788 Virginia
94%
December 7, 1787 Delaware
88%
April 28, 1788 Maryland
84%
December 12, 1787 Pennsylvania
82%
February 6, 1788 Massachusetts
80%
December 18, 1787 New Jersey
78%
January 9, 1788 Connecticut
73%
June 21, 1788 New Hampshire
71%
January 2, 1788 Georgia
69%
May 23, 1788 South Carolina
59%
No matching quizzes found
Score Distribution
Percent of People with Each Score
Percentile by Number Answered
Your Score History
You have not taken this quiz